A customer-oriented manager for B2B services /

The notion of customer orientation is becoming a necessity rather than a choice for many companies. It is a lasting response to competitive pressure and supports the company in a renewed definition of its mission, beyond direct economic gain. Within B2B services, the manager, through proximity to th...

Full description

Bibliographic Details
Main Author: Mathieu, Vaľrie (Author)
Format: eBook
Language:English
Published: London, UK : Hoboken, NJ : ISTE, Ltd. ; Wiley, 2022.
Series:Innovation, entrepreneurship and management series.
Subjects:
Online Access:Connect to the full text of this electronic book

MARC

Tag First Indicator Second Indicator Subfields
LEADER 00000nam a2200000 i 4500
001 in00004688103
006 m o d
007 cr cnu|||unuuu
008 220329s2022 enk ob 001 0 eng d
005 20260214213158.0
020 |a 9781119902430  |q (electronic bk. : oBook) 
020 |a 1119902436  |q (electronic bk. : oBook) 
020 |z 9781786307576 
024 7 |a 10.1002/9781119902430  |2 doi 
035 |a wil6007436 
035 |a (NhCcYBP)wil6007436 
037 |a 9781786307576  |b O'Reilly Media 
040 |a NhCcYBP  |b eng  |e rda  |c NhCcYBP 
050 4 |a HF5415.1263  |b .M37 2022 
082 0 4 |a 658.8/04  |2 23 
100 1 |a Mathieu, Vaľrie,  |e author. 
245 1 2 |a A customer-oriented manager for B2B services /  |c Vaľrie Mathieu. 
264 1 |a London, UK :  |b ISTE, Ltd. ;  |a Hoboken, NJ :  |b Wiley,  |c 2022. 
300 |a 1 online resource. 
336 |a text  |b txt  |2 rdacontent 
337 |a computer  |b c  |2 rdamedia 
338 |a online resource  |b cr  |2 rdacarrier 
490 1 |a Innovation, entrepreneurship and management series 
505 0 |a Understanding the Fundamentals of Customer Orientation in B2B Services. Understanding the Fundamentals of Customer Orientation in B2B Services -- Customer Orientation -- Reality and Challenges of Service -- Markers of B2B -- Knowing the Customer. Knowing the Customer -- Modeling the Industrial Sector -- Understanding the Purchase -- Identifying Service Targets -- Making the Most of the Offer. Making the Most of the Offer -- Acting Against the Risk of Commoditization -- Formalizing Your Offer -- Taking Care of One Commercial Action -- Delivering the Service. Delivering the Service -- Unlocking Human Potential -- Managing Service Operations -- Marketing the Tangibles -- Conclusion -- References -- Index -- Other titles from iSTE in Innovation, Entrepreneurship and Management 
504 |a Includes bibliographical references and index. 
588 0 |a Online resource; title from PDF title page (John Wiley, viewed March 29, 2022). 
520 |a The notion of customer orientation is becoming a necessity rather than a choice for many companies. It is a lasting response to competitive pressure and supports the company in a renewed definition of its mission, beyond direct economic gain. Within B2B services, the manager, through proximity to their team, their market and their client, is the essential actor in the deployment of this orientation. A Customer-oriented Manager for B2B Services provides managers with the knowledge and tools necessary to implement customer orientation themselves, with the involvement of their extended team. To this end, this book presents a four-step approach: understand the fundamentals of customer orientation in B2B services, know the customer, make the most of the offer and deliver the service. 
650 0 |a Industrial marketing  |x Management. 
655 4 |a Electronic books. 
830 0 |a Innovation, entrepreneurship and management series. 
856 4 0 |u http://proxy.library.tamu.edu/login?url=https://onlinelibrary.wiley.com/book/10.1002/9781119902430  |z Connect to the full text of this electronic book  |t 0 
955 |a Wiley EBA record 
975 |p Wiley UBCM Full Collection 2026 
999 f f |s 56952ae7-241f-4e8a-8dc2-0f6d1133d19d  |i aabf3d42-e989-4ba3-a2fb-3f32e2dea96a  |t 0 
952 f f |a Texas A&M University  |b College Station  |c Electronic Resources  |s evans_pda  |d Available Online  |t 0  |e HF5415.1263 .M37 2022  |h Library of Congress classification 
998 f f |a HF5415.1263 .M37 2022  |t 0  |l Available Online